National Assembly Library of Thailand

นิติศาสตร์ มหาวิทยาลัยธรรมศาสตร์ ปีที่ 18 ฉบับที่ 1 (มี.ค. 2531) (ระเบียนเลขที่ 106664)

รายละเอียดในรูปแบบ MARC
000 -LEADER
fixed length control field 02723nas a22002657a 4500
003 - CONTROL NUMBER IDENTIFIER
control field NALT
005 - DATE AND TIME OF LATEST TRANSACTION
control field 20250526135930.0
006 - FIXED-LENGTH DATA ELEMENTS--ADDITIONAL MATERIAL CHARACTERISTICS
fixed length control field a|||p|r|||| 00| 0
007 - PHYSICAL DESCRIPTION FIXED FIELD--GENERAL INFORMATION
fixed length control field ta
008 - FIXED-LENGTH DATA ELEMENTS--GENERAL INFORMATION
fixed length control field 250526b th |||p| |||| 00| 0 tha d
040 ## - CATALOGING SOURCE
Original cataloging agency NALT
041 ## - LANGUAGE CODE
Language code of text/sound track or separate title tha
245 00 - TITLE STATEMENT
Title นิติศาสตร์ มหาวิทยาลัยธรรมศาสตร์ ปีที่ 18 ฉบับที่ 1 (มี.ค. 2531)
260 ## - PUBLICATION, DISTRIBUTION, ETC.
Place of publication, distribution, etc. คณะนิติศาสตร์ มหาวิทยาลัยธรรมศาสตร์
310 ## - CURRENT PUBLICATION FREQUENCY
Current publication frequency รายสามเดือน
500 ## - GENERAL NOTE
General note วารสารเย็บเล่ม
505 2# - FORMATTED CONTENTS NOTE
Formatted contents note ปีที่ 18 ฉบับที่ 1 มี.ค. 2531 -- สิทธิฟ้องร้องของเจ้าหนี้ที่มีต่อผู้เป็นหุ้นส่วนในห้างหุ้นส่วนจำกัด -- แนวความคิดซึ่งให้ผู้แทนต้องรับผิดในหนี้ของบริษัทในกรณีบริษัทล้มละลายตามกฎหมายอังกฤษ --<br/>ความสัมพันะ์ระหว่าง Seaworthiness กับ Due Deligence ในการหลุดพ้นความรับผิดของผู้นส่งทางทะเลระหว่างประเทศ -- กฎหมายป้องกันการจำกัดการแข่งขันทางเศรษฐกิจของประเทศ<br/>เยอรมัน -- แง่มุมกฎหมายของข้อพิพาททางพรมแดน : เน้นคดีตัวอย่าง -- กฎหมายระหว่างประเทศแผนกคดีบุคคล -- ในสถานะที่เป็นกฎหมายระหว่างประเทศ -- งบประมารขององค์กรปกครอง<br/>ท้องถิ่นในประเทศฝรั่งเศส -- มารดาฆ่าทารก -- ความรับผิดเพื่อผลิตภัณฑ์ : ข้อคิดบางประการในแง่กฎหมายเปรียบเทียบ.
650 #4 - SUBJECT ADDED ENTRY--TOPICAL TERM
Topical term or geographic name entry element ห้างหุ้นส่วนจำกัด
9 (RLIN) 34075
650 #4 - SUBJECT ADDED ENTRY--TOPICAL TERM
Topical term or geographic name entry element กฎหมายระหว่างประเทศ
General subdivision คดีบุคคล
9 (RLIN) 3058
850 ## - HOLDING INSTITUTION
Holding institution NALT
866 ## - TEXTUAL HOLDINGS--BASIC BIBLIOGRAPHIC UNIT
Textual string ปีที่ 18 ฉบับที่ 1 (มี.ค. 2531)
942 ## - ADDED ENTRY ELEMENTS (KOHA)
Koha item type Journal, Bound volume
996 ## - STAFF PROCESSING RECORDS (NALT)
Staff name aroonthip.c
Staff type LIBSTF
Acquisition or Cataloging date 2025-05-26
998 ## - STAFF NAME (NALT)
-- 179
-- 179
-- นางสาวอรุณทิพย์ จันทร์ดิษฐ์
รายการที่มีในห้องสมุด
Withdrawn status Lost status Damaged status Not for loan Collection code Home library Current library Shelving location Date acquired Total Checkouts Barcode Date last seen Price effective from Koha item type
        Bound Journal collection National Assembly Library of Thailand National Assembly Library of Thailand Journal & Magazine shelves 04/06/2025   2900036087 04/06/2025 04/06/2025 Journal, Bound volume
หอสมุดรัฐสภา
สำนักงานเลขาธิการสภาผู้แทนราษฎร เลขที่ 1111 ถนนสามเสน แขวงถนนนครไชยศรี เขตดุสิต กรุงเทพฯ 10300
The Secretariat of the House of Representatives 1111 Samsen Road, Thanon Nakhon Chai Si, Dusit, Bangkok 10300, THAILAND
โทรศัพท์: +66(0) 2242 5900 ต่อ 5714-5 โทรสาร: +66(0) 2242 5990 อีเมล: [email protected]